Govt. of
Madhya Pradesh

Continuity and Change in Indian Society (Record no. 42186)

MARC details
000 -LEADER
fixed length control field 004750000a22001810004500
003 - CONTROL NUMBER IDENTIFIER
control field MACL
005 - DATE AND TIME OF LATEST TRANSACTION
control field 20150708153944.0
008 - FIXED-LENGTH DATA ELEMENTS--GENERAL INFORMATION
fixed length control field 150708b xxu||||| |||| 00| 0 eng d
040 ## - CATALOGING SOURCE
Original cataloging agency MACL
Transcribing agency MACL
041 ## - LANGUAGE CODE
Language code of text/sound track or separate title English
082 ## - DEWEY DECIMAL CLASSIFICATION NUMBER
Classification number 305.4/SAT
100 ## - MAIN ENTRY--PERSONAL NAME
Personal name Sattar, Nargis
9 (RLIN) 1476
245 ## - TITLE STATEMENT
Title Continuity and Change in Indian Society
Remainder of title With Emphasis on Women
260 ## - PUBLICATION, DISTRIBUTION, ETC. (IMPRINT)
Name of publisher, distributor, etc. Best Books
Date of publication, distribution, etc. 2008
Place of publication, distribution, etc. Kolkata
350 ## - PRICE (NR) (BK AM CF MU VM SE) [OBSOLETE]
Price 120
650 ## - SUBJECT ADDED ENTRY--TOPICAL TERM
Topical term or geographic name as entry element Sociology
9 (RLIN) 19
942 ## - ADDED ENTRY ELEMENTS (KOHA)
Koha item type Books
Call number prefix 305.4/SAT
Source of classification or shelving scheme
Holdings
Withdrawn status Lost status Source of classification or shelving scheme Damaged status Not for loan Home library Current library Date acquired Cost, normal purchase price Total Checkouts Full call number Barcode Date last seen Uniform Resource Identifier Price effective from Koha item type
          MACL MACL 15/04/2015 120.00   305.4/SAT CRE024719 02/05/2024 42457 15/04/2015 Books